| 000 | 00528nam a2200217Ia 4500 | ||
|---|---|---|---|
| 003 | OSt | ||
| 005 | 20220924152654.0 | ||
| 006 | a|||||r|||| 00| 0 | ||
| 007 | ta | ||
| 008 | 220923b |||||||| |||| 00| 0 ara d | ||
| 024 | _a343823 | ||
| 037 | _cTextual | ||
| 040 |
_aARTS _cARTS _bara |
||
| 041 |
_2ara _aara |
||
| 082 | _aP28:g, 28G2 | ||
| 245 | 0 | _aAl-abab nistas mari al-karmili | |
| 260 | _c1932 | ||
| 650 |
_aARABIC LANGUAGE _931794 |
||
| 942 |
_hP28:g, 28G2 _cTEXL _2CC |
||
| 999 |
_c470629 _d470629 |
||